Código nacional de recursos naturales renovables y de protección al medio ambiente (Registro nro. 52)

Detalles MARC
000 -CABECERA
Campo de control 00724nam a2200217 a 4500
005 - FECHA Y HORA DE LA ULTIMA TRANSACCION
Campo de control 20191217041511.0
008 - ELEMENTOS DE LONGITUD FIJA—INFORMACION GENERAL
Campo de control 140113e1975 ck ||||| |||| 00| 0 spa d
040 ## - FUENTE DE CATALOGACIÓN
Agencia catalogadora original CO-BoIAVH
Agencia transcriptora CO-BoIAVH
041 ## - IDIOMA
Código de idioma para texto/pista de sonido o título separado Español
044 ## - PAÍS DE PUBLICACIÓN
País de publicación Colombia
090 ## - CLASIFICACIÓN LOCAL
Colección IND-I
Consecutivo 64
110 ## - ASIENTO PRINCIPAL--NOMBRE CORPORATIVO
Unidad subordinad Inderena
9 (RLIN) 12933
245 ## - MENCION DE TITULO
Título Código nacional de recursos naturales renovables y de protección al medio ambiente
260 ## - PUBLICACION, DISTRIBUCION, ETC. (PIE DE IMPRENTA)
Lugar de publicación, distribución, etc. Bogotá
Nombre del editor, distribuidor, etc. Inderena
Fecha de publicación, distribución, etc. 1975
300 ## - DESCRIPCION FISICA
Extensión 99. páginas
650 14 - ASIENTO SECUNDARIO DE MATERIA - TERMINO TEMATICO
Término temático o nombre geográfico como elemento de entrada Recursos naturales renovables
9 (RLIN) 89232
650 14 - ASIENTO SECUNDARIO DE MATERIA - TERMINO TEMATICO
Término temático o nombre geográfico como elemento de entrada Legislación ambiental
9 (RLIN) 89233
650 14 - ASIENTO SECUNDARIO DE MATERIA - TERMINO TEMATICO
Término temático o nombre geográfico como elemento de entrada Código Nacional de los Recursos Naturales Renovables y de Protección del Medio Ambiente
9 (RLIN) 3612
710 ## - ASIENTO SECUNDARIO - NOMBRE CORPORATIVO
Nombre corporativo o de jurisdicción como elemento de entrada Ministerio de Agricultura
9 (RLIN) 89234
942 ## - ELEMENTOS ADICIONALES (KOHA)
Tipo de ítem Informe Técnico
Sistema de clasificación Local
Existencias
Withdrawn status Lost status Sistema de Clasificación Damaged status No para préstamo Colección Ubicación Permanente Ubicación actual Fecha de adquisición Fuente de adquisición Total Checkouts Número topográfico Inventario / Código de Barras Date last seen Date checked out Ejemplar Price effective from Forma de adquisición Tipo de material Public note Precio
    Local     Fondo Inderena Bogotá Bogotá 16/12/1997 Instituto 1 IND-I-77 000055 09/10/2019 09/10/2019 Ej. 1 04/12/2012 Traslado Inderena Libro 1993  
    Local     Fondo Inderena Bogotá Bogotá 13/08/2001   1 IND-I-64 000056 09/10/2019 09/10/2019 Ej. 1 04/12/2012 Traslado Inderena Informe Técnico 1975  
    Dewey Decimal Classification     General Bogotá Bogotá 07/06/2002 Instituto 2 LB-348.023 C718c 004760 09/10/2019 09/10/2019 Vol. 3 04/12/2012   Libro Noviembre 1999 30000.00